Tango /
Shranjeno v:
| Korporativna značnica: | |
|---|---|
| Format: | Elektronski |
| Jezik: | poljščina |
| Izdano: |
Warszawa :
"Noir sur Blanc",
cop. 1999.
|
| Teme: | |
| Oznake: |
Brez oznak, prvi označite!
|
MARC
| LEADER | 00000am|aa2200000i||4500 | ||
|---|---|---|---|
| 001 | 9910906599105606 | ||
| 005 | 20260515140227.0 | ||
| 008 | 260426t pl ||||| |||| 00| u pol d | ||
| 020 | |a 8386743344 | ||
| 035 | |a (LUBL_M)LUBL_M19018-48omnis_mpl | ||
| 035 | |a (PUBLU)vtls000019018 | ||
| 035 | |a zz2003968340 | ||
| 035 | |a xx001929665 | ||
| 035 | |a (PL)b0000020005473 | ||
| 040 | |a LUBL M |c LUBL M |d WA N | ||
| 041 | 0 | |a pol | |
| 080 | |a 821.162.1-2 | ||
| 090 | |c 83 |d 82 | ||
| 240 | 1 | 0 | |a Tango |l (pol.) |
| 245 | 1 | 0 | |a Tango / |
| 260 | |a Warszawa : |b "Noir sur Blanc", |c cop. 1999. | ||
| 300 | |a 114, [2] s. ; |c 18 cm. | ||
| 650 | 7 | |a Awangarda (kierunek artystyczno-literacki) | |
| 650 | 7 | |a Idealizacja | |
| 650 | 7 | ||
| 650 | 7 | |a Rodzina | |
| 650 | 7 | |a Tradycjonalizm | |
| 650 | 7 | ||
| 710 | 2 | |a Oficyna Literacka Noir sur Blanc | |
| 920 | |a 83-86743-34-4 | ||
| 942 | |c K | ||
| 952 | |0 0 |1 0 |4 0 |6 R__64_000000000000000 |7 0 |9 80 |a RYT |b RYT |d 2026-04-26 |e 1/2026 |g 10.00 |l 0 |o R.64 |p 2000000000640 |r 2026-05-15 14:02:27 |w 2026-05-15 |y BK |z da | ||
| 999 | |c 80 |d 80 | ||